A carregar...
Hand book of applied hydraulics
| Autor principal: | |
|---|---|
| Outros Autores: | |
| Formato: | Printed Book |
| Idioma: | Undetermined English |
| Publicado em: |
NewYork
Mc Graw Hill Book company
1969
|
| Assuntos: |
| LEADER | 00597nam a2200193Ia 4500 | ||
|---|---|---|---|
| 008 | 140306s9999 xx 000 0 und d | ||
| 041 | |a eng | ||
| 082 | |a 540 |b DAV/HA | ||
| 100 | |a Davis, C.V | ||
| 700 | |a Sorensen, K.E | ||
| 245 | |a Hand book of applied hydraulics | ||
| 260 | |a NewYork |b Mc Graw Hill Book company |c 1969 | ||
| 300 | |a 300 | ||
| 365 | |b Rs.700 | ||
| 650 | |a Chemistry | ||
| 650 | |a Hydrology | ||
| 942 | |2 ddc |c BK | ||
| 999 | |c 113935 |d 113935 | ||
| 952 | |0 0 |1 0 |2 ddc |4 0 |6 540_000000000000000_DAVHA |7 0 |9 111864 |a KAUHCV |b KAUHCV |d 2004-04-19 |g 700.00 |o 540 DAV/HA |p KAU_HCV-12728 |r 2014-03-22 |w 2014-03-22 |y BK | ||